000 01333nam a2200313 a 4500
999 _c47143
_d47143
003 BLK
005 20240925005452.0
008 180408b bul|||||r ||||||| ||bul||
010 _aKNG00050953000
040 _aBLK
041 _aBUL
_cBUL
080 _aАвстрийска литература
_b821.112(436)
_x-31
_z821.112(436)-31
080 _aИстория на Франция
_b944
_x(092)
_z944(092)
080 _aФренски държавник
_b929 Фуше, Жозеф
_z929 Фуше, Жозеф
100 1 _aЦвайг, Стефан
_eпърви автор
_9366443
139 _aЦвайг, Стефан
_bЦ 29
245 1 0 _aЖозеф Фуше
_bПортр. на един полит. мъж
_cСтефан Цвайг; прев. от нем. Димитър Стоевски.
257 _aAUT
260 _bНар. култура
_c1980
_aСофия
300 _a240 с.
_c20 см
380 _aX
500 _aВ кн. означено 2. изд. - 30 125 тир.
600 1 4 _aФуше, Жозеф
_9281222
700 _aСтоевски, Димитър
_qЧолаков, Димчо Стоев
_9364897
852 _aЦб 106218
_bЦб
942 _cKNG
_n0
_s1
_01
944 _aCR
_c09.12.2016
_k
_lCRON CRON
944 _aED
_c2022-12-07
_kРенета Константинова